| 000 | 00448cam a2200181ua 4500 | ||
|---|---|---|---|
| 020 | _cRs 20.00 | ||
| 041 |
_aeng _h |
||
| 082 |
_a828.09 _bWEB/SH |
||
| 100 | _aWebster, Margaret . | ||
| 245 |
_aShakespeare today / _cMargaret Webster. _hTextual Documents |
||
| 250 |
_a1 / _b. |
||
| 260 |
_aLondon : _bJ M Dent and Sons Ltd , _c1957. |
||
| 300 | _a318 ; . | ||
| 365 | _aRs 20.00 | ||
| 504 | _a | ||
| 942 | _cBK | ||
| 999 |
_c3484 _d3484 |
||